The great world and Timothy Colt. (رقم التسجيلة. 107895)

تفاصيل مارك
000 -LEADER
fixed length control field 00612cam a2200217 a 4500
003 - CONTROL NUMBER IDENTIFIER
control field EG-GiCUC
008 - FIXED-LENGTH DATA ELEMENTS--GENERAL INFORMATION
fixed length control field 821217s1956 mau 000 0 eng
040 ## - CATALOGING SOURCE
Original cataloging agency DLC
Transcribing agency DLC
Modifying agency DLC
050 00 - LIBRARY OF CONGRESS CALL NUMBER
Classification number PZ3.A898
Item number Gr
Classification number PS3501.U25
092 04 - LOCALLY ASSIGNED DEWEY CALL NUMBER (OCLC)
Classification number 823.54
Item number A898
Edition number 21
099 ## - LOCAL FREE-TEXT CALL NUMBER (OCLC)
Classification number 04
-- 823.54 A898
100 1# - MAIN ENTRY--PERSONAL NAME
Personal name Auchincloss, Louis.
245 14 - TITLE STATEMENT
Title The great world and Timothy Colt.
260 ## - PUBLICATION, DISTRIBUTION, ETC.
Place of publication, distribution, etc. Boston,
Name of publisher, distributor, etc. Houghton Mifflin,
Date of publication, distribution, etc. 1956.
300 ## - PHYSICAL DESCRIPTION
Extent 285 p.
Dimensions 22 cm.
902 ## - LOCAL DATA ELEMENT B, LDB (RLIN)
No. of Items 1
905 ## - LOCAL DATA ELEMENT E, LDE (RLIN)
Cataloger Ibrahim
Reviser Rev
905 ## - LOCAL DATA ELEMENT E, LDE (RLIN)
Cataloger Jamal
Reviser Cat.
942 ## - ADDED ENTRY ELEMENTS (KOHA)
Source of classification or shelving scheme Dewey Decimal Classification
Koha item type Books
المقتنيات
Source of classification or shelving scheme Not for loan Home library Current library Date acquired Full call number Barcode Date last seen Copy number Koha item type
Dewey Decimal Classification   المكتبة المركزبة الجديدة - جامعة القاهرة قاعة المكتبات المهداة - الدور الرابع 11.02.2024 823.54 A898 M.K 01000114000609000 23.06.2024 C.1 Books
Cairo University Libraries Portal Implemented & Customized by: Eng. M. Mohamady Contacts: new-lib@cl.cu.edu.eg | cnul@cl.cu.edu.eg
CUCL logo CNUL logo
© All rights reserved — Cairo University Libraries
CUCL logo
Implemented & Customized by: Eng. M. Mohamady Contact: new-lib@cl.cu.edu.eg © All rights reserved — New Central Library
CNUL logo
Implemented & Customized by: Eng. M. Mohamady Contact: cnul@cl.cu.edu.eg © All rights reserved — Cairo National University Library